000 00436 a2200133 4500
001 ART_50489
005 20260410161632.0
008 260409a
245 1 0 _aEl estado de flujo de efectivo ajustado por inflación. Alternativas de presentación en las NCPA
100 1 _aPetti, Ana María
700 1 _aFonseca, Diana Luján
700 1 _aBiasi, Leonardo Iván
773 0 _tEnfoques
_g- N°1 (ene. 2020)
_wREV416
999 _c12523
_d12523